|
|
|
|
| LEADER |
01529nam a22003137a 4500 |
| 001 |
33052 |
| 003 |
BD-DhAAL |
| 005 |
20240514171247.0 |
| 008 |
180506t2017 bg a | 00| 0 ben d |
| 020 |
|
|
|a 9789211012798
|
| 040 |
|
|
|a BD-DhAAL
|d BD-DhAAL
|
| 041 |
|
|
|a ben
|
| 082 |
0 |
0 |
|a 341.231
|2 21
|
| 245 |
|
|
|a আজকের জাতিসংঘ /
|c সম্পাদক মোহাম্মদ মনিরুজ্জামান.
|
| 246 |
|
|
|a Basic facts about the United Nations
|
| 260 |
|
|
|a ঢাকা :
|b জাতিসংঘ তথ্য কেন্দ্র,
|c ২০১৭.
|
| 300 |
|
|
|a xix, ২৭৪ পৃষ্ঠা :
|b চিত্র ;
|c ২২ সে. মি.
|
| 526 |
|
|
|a AAL
|
| 541 |
|
|
|a Complementary copy from UNIC Dhaka
|e 33052, 42610
|
| 610 |
2 |
0 |
|a United Nations
|9 25743
|
| 650 |
|
0 |
|a International relations.
|9 25744
|
| 650 |
|
0 |
|a Peace.
|9 25745
|
| 700 |
|
|
|a মনিরুজ্জামান, মোহাম্মদ.
|9 25746
|
| 700 |
|
|
|a হোসেন, দেলোয়ার.
|9 25747
|
| 852 |
4 |
|
|a Ayesha Abed Library
|j General Stacks
|
| 942 |
|
|
|2 ddc
|c BK
|
| 999 |
|
|
|c 39320
|d 39320
|
| 952 |
|
|
|0 0
|1 0
|2 ddc
|4 0
|6 341_231000000000000_AJK
|7 0
|9 63242
|a BRACUL
|b BRACUL
|c GEN
|d 2018-05-06
|e Complementary copy from UNIC Dhaka
|l 1
|m 4
|o 341.231 AJK
|p 3010033052
|r 2023-10-12
|s 2023-09-12
|t 1
|w 2018-05-06
|y BK
|
| 952 |
|
|
|0 0
|1 0
|2 ddc
|4 0
|6 341_231000000000000_AJK
|7 0
|9 75466
|a BRACUL
|b BRACUL
|c GEN
|d 2024-05-14
|e Complementary copy from UNIC Dhaka
|l 1
|m 10
|o 341.231 AJK
|p 3010042610
|r 2024-06-06
|s 2024-05-15
|t 2
|w 2024-05-14
|y BK
|